000 00341pab a2200145 454500
008 180718b2006 xxu||||| |||| 00| 0 eng d
100 _aVenkateshwaran, L.
245 _aIslamic fundamentalism - an analysis
260 _c2006
300 _ap.15-19.
362 _a22 Jul
650 _aIslamic law
773 _aMainstream
909 _a70488
999 _c70488
_d70488